000 00347nam a22001337a 4500
005 20250915125746.0
008 250915b |||||||| |||| 00| 0 eng d
020 _a9964781822
050 _aBR 1463
_b.G5 RIS
245 _aTHE RISE OF INDEPENDENT CHURCHES IN HANA
260 _aACCRA
_bASEMPA PUBLISHERS
_cc1990
300 _a92p
942 _2lcc
_cBK
_n0
999 _c7550
_d7550